003450000a22001210004500020001800000041000800018082001800026100002400044245010900068260002800177300001200205001000600217 a84-8280-153-80 aSPA04aG 843.1 T864h1 aTroyes, Chretien de10aHistoria de perceval o el cuento del grial / Chretien de Troyes ; Agustín Cerezales Laforet, Traductor aBogotá : Oveja Negra a158 Pag13102